The magic school bus: (Record no. 5820)

MARC details
000 -LEADER
fixed length control field 00895nam a22002777a 4500
001 - CONTROL NUMBER
control field 5820
003 - CONTROL NUMBER IDENTIFIER
control field FISKH
005 - DATE AND TIME OF LATEST TRANSACTION
control field 20250421120755.0
008 - FIXED-LENGTH DATA ELEMENTS--GENERAL INFORMATION
fixed length control field 250123b cb ||||| |||| 00| 0 eng d
020 ## - INTERNATIONAL STANDARD BOOK NUMBER
International Standard Book Number 9780545356855
040 ## - CATALOGING SOURCE
Original cataloging agency FISKH
Language of cataloging eng
Transcribing agency FISKH
Modifying agency FISKH
050 ## - LIBRARY OF CONGRESS CALL NUMBER
Classification number QE522.E25
082 ## - DEWEY DECIMAL CLASSIFICATION NUMBER
Classification number 551.21
100 ## - MAIN ENTRY--PERSONAL NAME
Personal name Earhart, Kristin
245 ## - TITLE STATEMENT
Title The magic school bus:
Remainder of title Inside a volcano /
260 ## - PUBLICATION, DISTRIBUTION, ETC.
Place of publication, distribution, etc. New York :
Name of publisher, distributor, etc. Scholastic,
Date of publication, distribution, etc. 2012.
300 ## - PHYSICAL DESCRIPTION
Extent 32 pages :
Other physical details color illustrations ;
Dimensions 23 cm
505 ## - FORMATTED CONTENTS NOTE
Formatted contents note G<br/>
520 ## - SUMMARY, ETC.
Summary, etc. Tim is making a volcano, but he's not sure how it should work. When Ms Frizzle and her class travel deep inside the earth to find out, things start to heat up!
521 8# - TARGET AUDIENCE NOTE
Target audience note 410<br/>
Source Lexile <br/>
521 8# - TARGET AUDIENCE NOTE
Target audience note G<br/>
Source Raz-Plus<br/>
650 ## - SUBJECT ADDED ENTRY--TOPICAL TERM
Topical term or geographic name entry element Adventure
Form subdivision Earth Science
700 ## - ADDED ENTRY--PERSONAL NAME
Personal name Bracken, Carolyn
Relator term illustrator
942 ## - ADDED ENTRY ELEMENTS (KOHA)
Source of classification or shelving scheme Dewey Decimal Classification
Koha item type Books
Suppress in OPAC No
Holdings
Withdrawn status Lost status Source of classification or shelving scheme Damaged status Not for loan Collection Home library Current library Shelving location Date acquired Total Checkouts Full call number Barcode Date last seen Date last checked out Copy number Price effective from Koha item type Date due
    Dewey Decimal Classification     Non-Fiction Footprints International School Library Network Toul Kork Campus Footprints International School Library Network Toul Kork Campus TK Primary Library Room(4th Floor), Bookcase 1&2, Shelves 1-16, Dark Blue Books 01/23/2025 3 EAR 551.21 QE522.E25 FISBK02728 03/26/2026 03/19/2026 1 01/23/2025 Books  
    Dewey Decimal Classification     Non-Fiction Footprints International School Library Network Toul Kork Campus Footprints International School Library Network Toul Kork Campus TK Primary Library Room(4th Floor), Bookcase 1&2, Shelves 1-16, Dark Blue Books 04/21/2025 5 EAR 551.21 QE522.E25 FISBK02729 04/23/2026 04/23/2026 2 04/21/2025 Books 05/07/2026